000 00408nam a22001697a 4500
003 MPLRDC
005 20220104124233.0
008 210129b ||||| |||| 00| 0 eng d
082 _a177.3 DHH-4
100 _a多湖辉著
245 _a语言心理战
_c
260 _a
_b将门文物出版有限公司
_c1989
300 _b
490 _a人际关系丛书
650 _a
942 _cBK
_o177.3 DHH-4
999 _c17728
_d17718